| 000 | 01410cam a22003737a 4500 | ||
|---|---|---|---|
| 003 | CHAP | ||
| 005 | 20220329135922.0 | ||
| 008 | 971013d1981 mx ab r 00110 spa d | ||
| 010 | _a44094 | ||
| 011 | _a45066 | ||
| 035 | _a49205 | ||
| 040 | _cCHAP | ||
| 090 | _aFolleto 7198 | ||
| 110 | 0 |
_aINIA. México. Campo Agrícola Experimental Valle de Apatzingán _958523 |
|
| 245 | 1 | 0 |
_aLogros y aportaciones de la investigación agrícola en el estado de Michoacán _c/por INIA |
| 260 |
_aApatzingán, Mich. : _bINIA. Campo Agrícola Experimental Valle de Apatzingán, _c1981. |
||
| 300 |
_a84 p. : _bilus. ; mapas |
||
| 410 | 2 | 1 | _aINIA |
| 490 | 0 |
_aPublicación especial _v; 1 |
|
| 590 |
_aBATCH-UPD _b10 _c20130110 _lUCH01 _h1038 |
||
| 590 |
_aBATCH-UPD _b10 _c20130410 _lUCH01 _h0638 |
||
| 590 |
_aBATCH-UPD _b10 _c20130914 _lUCH01 _h0007 |
||
| 590 |
_aCONVERSION _b10 _c20130109 _lUCH01 _h1324 |
||
| 650 | 1 | 4 |
_aAgricultura _xInvestigacion _xMichoacan. _91642 |
| 650 | 1 | 4 |
_aAgricultura _xMichoacán. _91743 |
| 810 | 0 | 0 |
_aINIA _958414 |
| 830 | 0 |
_aPublicación especial _v; 1 _992760 |
|
| 901 | _aBK | ||
| 942 | _cFOLL | ||
| 949 |
_aFolleto 7198 _bBC _cFOLL _d-111083 _eTS1 _i49205 _mD _si |
||
| 949 |
_aFolleto 7198 _bBC _cFOLL _d-111084 _eTS2 _fc.2 _i49205 _mD _si |
||
| 949 |
_aFolleto 7198 _bBC _cFOLL _d33724002305496 _eTS2 _fc.4 _gDonaciØn _i49205 _sb |
||
| 949 |
_aFolleto 7198 _bBC _cFOLL _d492053 _eTS2 _fc.3 _i49205 _kDonaciØn _sb |
||
| 999 |
_c44094 _d44094 |
||